El método de casos justificación pedagógica /
Guardado en:
| Autor Principal: | |
|---|---|
| Formato: | Libro |
| Publicado: |
Buenos Aires :
Osmar Buyatti,
2003
|
| Materias: | |
| Etiquetas: |
Agregar Etiqueta
Sin Etiquetas, Sea el primero en etiquetar este registro!
|
| LEADER | 01069nam a22002295a 4500 | ||
|---|---|---|---|
| 001 | CEM.cems014023 | ||
| 005 | 20130626154919.0 | ||
| 008 | 130507s2003##################000#0#####d | ||
| 003 | CEMS | ||
| 020 | |a 9879156986 | ||
| 082 | 0 | 4 | |a 371.3 |
| 100 | 1 | |a Klein, Juan | |
| 245 | 1 | 0 | |a El método de casos justificación pedagógica / |c Juan Klein |
| 260 | |a Buenos Aires : |b Osmar Buyatti, |c 2003 | ||
| 300 | |a 96 p. | ||
| 500 | |a Dirigido a docentes del nivel medio, terciario, universitario y posgrado | ||
| 505 | 0 | |a La propuesta edagógica -- El escenario actual -- El perfil profesional para el nuevo milenio -- Especialistas vs. generalistas -- Formación para el trabajo -- La Tríada Educativa -- La Tríada Docente-Alumno-Conocimiento -- El sujeto de aprendizaje -- El Rol Docente -- El Grupo de Aprendizaje -- Instrumento de Evaluación -- Fundamentación pedagógica en la utilización del método de casos | |
| 653 | |a Pedagogóa | ||
| 653 | |a Educación | ||
| 653 | |a Aprendizaje | ||
| 653 | |a Rol docente | ||
| 859 | |a CEMS |b BIB. CEMS - 11 de abril |h 371.3 |i K672 |p 26691.13 |t Ej.1 | ||
